[Event "TCh-CHN 2012"]
[Site "Beijing CHN"]
[Date "2012.04.28"]
[Round "1.2"]
[White "Guo, Qi"]
[Black "Nie, Xin"]
[Result "1-0"]
[WhiteTitle "WGM"]
[WhiteElo "2351"]
[BlackElo "2053"]
[WhiteTeam "Jiangsu Taizhou Team"]
[BlackTeam "Chengdu Bank Team"]
[WhiteFideId "8604002"]
[BlackFideId "8605610"]
[EventDate "2012.04.28"]
[EventType "team"]

1. d4 d5 2. c4 c6 3. Nf3 Nf6 4. Nc3 a6 5. c5 Nbd7 6. Bf4 Nh5 7. Bg5 Nhf6 8. e3
g6 9. Bd3 Bg7 10. O-O O-O 11. Qc2 Re8 12. Na4 Nf8 13. Ne5 Ng4 14. Nxg4 Bxg4 15.
f4 Bf6 16. Bh6 e6 17. b4 Bf5 18. Bxf8 Kxf8 19. Nb6 Rb8 20. a4 Kg7 21. b5 axb5
22. axb5 Qc7 23. Rfb1 Bxd3 24. Qxd3 cxb5 25. Qxb5 Red8 26. Ra7 g5 27. g3 gxf4
28. gxf4 Qe7 29. Rb2 Kh8 30. Rg2 Bh4 31. Raa2 Be1 32. Qe2 Bh4 33. Qh5 Rg8 34.
Kh1 Bf6 35. Rg3 Rg6 36. Rh3 Rg7 37. Rg2 Rbg8 38. Qh6 Qd8 39. Rgg3 Be7 40. Qh5
Bf6 41. Qh6 Be7 42. f5 Bg5 43. Qh5 Qf6 44. Qf3 Qe7 45. Rg2 Bf6 46. Rhg3 Rxg3 47.
Rxg3 Rg5 48. Qf4 Kg7 49. Kg2 h6 50. Nc8 Qe8 51. Nd6 Qa8 52. fxe6 fxe6 53. h4
Rxg3+ 54. Qxg3+ Kh7 55. Kh3 Be7 56. h5 Bg5 57. Qf3 Qg8 58. Nxb7 Be7 59. Qg4 Bg5
60. Nd6 Qf8 61. Kg2 Qe7 62. Qg3 Qd7 63. Qe5 Bd8 64. Qf4 Qg7+ 65. Kh3 Bc7 66. Ne8
Bxf4 67. Nxg7 Bxe3 68. Nxe6 1-0

[Event "TCh-CHN 2012"]
[Site "Beijing CHN"]
[Date "2012.04.28"]
[Round "1.3"]
[White "Liu, Guanchu"]
[Black "Yu, Ruiyuan"]
[Result "0-1"]
[WhiteElo "2260"]
[BlackElo "2511"]
[WhiteTeam "Chengdu Bank Team"]
[BlackTeam "Jiangsu Taizhou Team"]
[WhiteFideId "8603901"]
[BlackFideId "8603090"]
[EventDate "2012.04.28"]
[EventType "team"]

1. e4 c6 2. d4 d5 3. e5 Bf5 4. h4 h5 5. c4 e6 6. Nc3 Ne7 7. Bg5 Qb6 8. Qd2 dxc4
9. Bxc4 Nd7 10. Nge2 Rd8 11. Qc1 f6 12. exf6 gxf6 13. Be3 Qb4 14. Bb3 Nb6 15.
Ng3 Nbd5 16. O-O Bg6 17. Re1 Kf7 18. Nce4 Bxe4 19. Nxe4 Nf5 20. Nxf6 Ndxe3 21.
Ne4 Qxd4 22. Ng5+ Ke8 23. Bxe6 Be7 24. fxe3 Qxh4 25. Nf3 Qe4 26. Bxf5 Qxf5 27.
e4 Qg4 28. Qc2 h4 29. Rad1 h3 30. Rxd8+ Bxd8 31. Qe2 Bb6+ 32. Kf1 Rf8 0-1

[Event "TCh-CHN 2012"]
[Site "Beijing CHN"]
[Date "2012.04.28"]
[Round "1.4"]
[White "Shen, Yang"]
[Black "Gunina, Valentina"]
[Result "1/2-1/2"]
[WhiteTitle "WGM"]
[BlackTitle "IM"]
[WhiteElo "2440"]
[BlackElo "2511"]
[WhiteTeam "Jiangsu Taizhou Team"]
[BlackTeam "Chengdu Bank Team"]
[WhiteFideId "8603162"]
[BlackFideId "4167570"]
[EventDate "2012.04.28"]
[EventType "team"]

1. d4 d5 2. c4 c6 3. Nf3 Nf6 4. Nc3 dxc4 5. a4 Bf5 6. Ne5 Nbd7 7. Nxc4 Nb6 8.
Ne5 a5 9. e3 h6 10. f3 e6 11. e4 Bh7 12. Be2 Be7 13. O-O O-O 14. Be3 Nfd7 15.
Nd3 Nc4 16. Bf2 Qc7 17. Rc1 Rfd8 18. Qc2 Rac8 19. Rfd1 Qb8 20. Qb3 Nd6 21. Nc5
Nxc5 22. dxc5 Ne8 23. Nb1 Bg5 24. Rxd8 Rxd8 25. Rd1 Rxd1+ 26. Qxd1 f5 27. exf5
Bxf5 28. Na3 Nf6 29. Nc4 Bf4 30. g3 Bc7 31. Bf1 Nd5 32. Qe1 Nb4 33. g4 Bg6 34.
Bg3 Bxg3 35. hxg3 Kh7 36. Nxa5 Nc2 37. Qf2 Qa7 38. Nc4 Qxa4 39. Qd2 Nb4 40. Ne5
Nd5 41. Kh2 Qa1 42. Be2 Be8 43. f4 Kg8 44. Bf3 Qf1 45. Bg2 Qb5 46. Qf2 Qb3 47.
Bf3 Ne3 48. Qe2 Nc2 49. Qc4 Na1 50. Be2 Bf7 51. Qc1 Qc2 52. Qxc2 Nxc2 53. Bc4
Kf8 54. Kg1 Ne3 55. Bb3 Nd5 56. Nc4 Ke7 57. Na5 e5 58. f5 Ne3 59. Bxf7 Kxf7 60.
Nxb7 Ke7 61. Kf2 Nd1+ 62. Kf3 Nxb2 63. Nd6 Nd3 64. Ne4 Ne1+ 65. Ke2 Nc2 66. Kd3
Nd4 67. Nd6 Kf6 68. Ne4+ Ke7 69. Kc4 Nc2 70. Nf2 Kf6 71. Kd3 Nd4 72. Ne4+ 1/2-1/2

[Event "TCh-CHN 2012"]
[Site "Beijing CHN"]
[Date "2012.04.28"]
[Round "1.5"]
[White "Chen, Fan"]
[Black "Zhou, Weiqi"]
[Result "0-1"]
[WhiteTitle "FM"]
[BlackTitle "GM"]
[WhiteElo "2375"]
[BlackElo "2628"]
[WhiteTeam "Chengdu Bank Team"]
[BlackTeam "Jiangsu Taizhou Team"]
[WhiteFideId "8600767"]
[BlackFideId "8601674"]
[EventDate "2012.04.28"]
[EventType "team"]

1. e4 c6 2. d4 d5 3. e5 Bf5 4. Nd2 e6 5. Nb3 Nd7 6. Nf3 h6 7. Be2 Ne7 8. c3 Qc7
9. O-O g5 10. Ne1 O-O-O 11. Nd3 Ng6 12. Re1 f6 13. exf6 Bd6 14. g3 Rdf8 15. Be3
Rxf6 16. Rc1 Nf4 17. Bf1 Nh3+ 18. Bxh3 Bxh3 19. Nbc5 Bxc5 20. Nxc5 Nxc5 21. dxc5
e5 22. Qh5 Qd7 23. Bxg5 Qf5 24. f4 Rhf8 25. Rxe5 Qxe5 26. Qxh3+ Qe6 27. Qxe6+
Rxe6 28. Bh4 Re2 29. Rf1 Rxb2 30. Rf2 Rb1+ 31. Kg2 Rc1 32. Be7 Rf7 33. Bd6 Rxc3
34. g4 Kd7 35. h4 b6 36. g5 hxg5 37. hxg5 bxc5 38. Be5 Re3 39. g6 Rf8 40. Rb2
Rg8 41. Rb7+ Ke6 42. g7 a5 43. Rc7 Rxe5 44. fxe5 Kxe5 45. Kf3 Kd4 46. Ke2 c4 47.
Kd2 c3+ 48. Kc2 c5 49. Ra7 Kc4 50. Rb7 d4 51. Rd7 a4 52. Kc1 Kd3 53. Rf7 c2 54.
Rf3+ Ke2 55. Rf7 Kd3 56. Rf3+ Ke4 57. Rf7 d3 58. Kd2 c4 59. Re7+ Kd4 60. Rd7+
Kc5 61. Rc7+ Kb4 62. Rb7+ Ka3 63. Rc7 Kb2 64. Rb7+ Kxa2 65. Rc7 Kb2 66. Rb7+ Ka3
67. Rc7 Kb4 68. Rb7+ Kc5 69. Rc7+ Kb5 0-1

[Event "TCh-CHN 2012"]
[Site "Beijing CHN"]
[Date "2012.04.28"]
[Round "1.1"]
[White "Ni, Hua"]
[Black "Liu, Chang"]
[Result "0-1"]
[WhiteTitle "GM"]
[WhiteElo "2637"]
[BlackElo "2262"]
[WhiteTeam "Shanghai Jianqiao Academy Team"]
[BlackTeam "Guangdong Huateng Club Team"]
[WhiteFideId "8601160"]
[BlackFideId "8606340"]
[EventDate "2012.04.28"]
[EventType "team"]

1. e4 d6 2. d4 g6 3. Nc3 Bg7 4. Be3 c6 5. Nf3 Nf6 6. Qd2 O-O 7. Bh6 Bg4 8. O-O-O
Nbd7 9. h3 Bxf3 10. gxf3 e5 11. Bxg7 Kxg7 12. f4 Qb6 13. Qe3 Rad8 14. Be2 Rfe8
15. h4 exd4 16. Rxd4 Nc5 17. e5 dxe5 18. fxe5 Rxe5 19. Qxe5 Rxd4 20. h5 Nd7 21.
Qe3 Rb4 22. Qe7 Qc5 23. h6+ Kg8 24. Qd8+ Qf8 25. Qa5 a6 26. f3 Rd4 27. Bd3 Nc5
28. Kb1 Nxd3 29. cxd3 Qd8 30. Qxd8+ Rxd8 31. Kc2 Kf8 32. Kd2 Rd6 33. Ne4 Nxe4+
34. fxe4 Re6 35. Ke3 Re5 36. Kf4 Ra5 37. a3 Ke7 38. d4 Kf6 39. e5+ Ke6 40. Ke4
f6 41. Rg1 Rd5 42. exf6 Kxf6 43. Rg3 g5 44. a4 Kg6 45. Rb3 Rd7 46. Rh3 g4 47.
Rh1 Kg5 0-1

[Event "TCh-CHN 2012"]
[Site "Beijing CHN"]
[Date "2012.04.28"]
[Round "1.2"]
[White "Munguntuul, Batkhuyag"]
[Black "Zhang, Xiaowen"]
[Result "1-0"]
[WhiteTitle "IM"]
[BlackTitle "WGM"]
[WhiteElo "2451"]
[BlackElo "2354"]
[WhiteTeam "Guangdong Huateng Club Team"]
[BlackTeam "Shanghai Jianqiao Academy Team"]
[WhiteFideId "4900758"]
[BlackFideId "8603219"]
[EventDate "2012.04.28"]
[EventType "team"]

1. d4 Nf6 2. Nf3 g6 3. Bg5 Bg7 4. Nbd2 d5 5. e3 O-O 6. Bd3 Nbd7 7. O-O c5 8. c3
b6 9. e4 dxe4 10. Nxe4 Bb7 11. Re1 cxd4 12. Nxd4 Ne5 13. Bc2 Nxe4 14. Bxe4 Bxe4
15. Rxe4 Qd5 16. Re2 e6 17. Qb3 Qc5 18. Be3 Ng4 19. Nxe6 Qe5 20. Nf4 g5 21. Bd2
Qc7 22. h3 gxf4 23. hxg4 Rad8 24. Rae1 Bh6 25. c4 Qc8 26. Bb4 Rfe8 27. Qf3 Rxe2
28. Qxe2 Qc6 29. Bc3 Bg7 30. Qe7 Rc8 31. Bxg7 Kxg7 32. Re5 h6 33. Re4 Qc7 34.
Qxc7 Rxc7 35. Rxf4 Rd7 36. b3 Rd2 37. a3 Rd3 38. Rf3 Rd4 39. Kh2 Kg6 40. Kg3 f6
41. Rc3 Kg5 42. f3 h5 43. c5 hxg4 44. c6 Rd8 45. c7 Rc8 46. fxg4 f5 47. gxf5
Kxf5 48. Kf3 Ke6 49. g4 Kd7 50. Kg3 Ke6 51. b4 Kf6 52. Kf4 Ke6 53. g5 Kd5 1-0

[Event "TCh-CHN 2012"]
[Site "Beijing CHN"]
[Date "2012.04.28"]
[Round "1.3"]
[White "Lou, Yiping"]
[Black "Zeng, Chongsheng"]
[Result "1/2-1/2"]
[WhiteTitle "IM"]
[BlackTitle "IM"]
[WhiteElo "2419"]
[BlackElo "2435"]
[WhiteTeam "Shanghai Jianqiao Academy Team"]
[BlackTeam "Guangdong Huateng Club Team"]
[WhiteFideId "8603928"]
[BlackFideId "8603847"]
[EventDate "2012.04.28"]
[EventType "team"]

1. d4 Nf6 2. c4 g6 3. Nc3 d5 4. Nf3 Bg7 5. cxd5 Nxd5 6. e4 Nxc3 7. bxc3 c5 8.
Rb1 O-O 9. Be3 cxd4 10. cxd4 Qa5+ 11. Qd2 Nc6 12. Qxa5 Nxa5 13. Bd2 b6 14. Bb5
Bb7 15. Bd3 f5 16. exf5 Bxf3 17. gxf3 gxf5 18. d5 Rac8 19. Rg1 Kh8 20. Ke2 Rc5
21. Rb5 Rxb5 22. Bxb5 Rd8 23. Rc1 Be5 24. Bh6 Nb7 25. Bg5 Bd6 26. Bd3 f4 27. Bf5
Nc5 28. Bh6 a5 29. Rb1 Rb8 30. Rb5 Na6 31. Be6 Nc7 32. Rb1 Nxe6 33. dxe6 b5 34.
Kd3 b4 35. Rg1 Rg8 36. Rxg8+ Kxg8 37. Kc2 a4 38. h4 Be5 39. h5 Bd6 40. Kb2 Be5+
41. Kc2 Bd6 42. Kb2 1/2-1/2

[Event "TCh-CHN 2012"]
[Site "Beijing CHN"]
[Date "2012.04.28"]
[Round "1.4"]
[White "Li, Xueyi"]
[Black "Ju, Wenjun"]
[Result "1/2-1/2"]
[BlackTitle "WGM"]
[WhiteElo "2076"]
[BlackElo "2557"]
[WhiteTeam "Guangdong Huateng Club Team"]
[BlackTeam "Shanghai Jianqiao Academy Team"]
[WhiteFideId "8605912"]
[BlackFideId "8603006"]
[EventDate "2012.04.28"]
[EventType "team"]

1. d4 Nf6 2. c4 g6 3. Nc3 Bg7 4. e4 d6 5. Be2 O-O 6. Nf3 Na6 7. O-O e5 8. Re1
Qe8 9. Bf1 Bg4 10. d5 Nb4 11. Be2 a5 12. Be3 Na6 13. Nd2 Bxe2 14. Qxe2 Nh5 15.
Rab1 f5 16. f3 b6 17. b3 Nc5 18. a3 Nf4 19. Bxf4 exf4 20. Nb5 Qf7 21. b4 axb4
22. axb4 Na4 23. Qd3 Rfe8 24. Qc2 Be5 25. h3 Re7 26. Ra1 Bxa1 27. Rxa1 Qf6 28.
Rxa4 Rxa4 29. Qxa4 Qb2 30. Qa8+ Kf7 31. Nf1 fxe4 32. fxe4 Rxe4 33. Qd8 Re7 34.
Qc8 h5 35. h4 Qc1 36. Nd4 Qxc4 37. Ne6 Qxd5 38. Ng5+ Kg7 39. Nf3 Qe6 40. Qa8 c5
41. bxc5 bxc5 42. Qa1+ Qf6 43. Qc1 Re2 44. Qd1 Re7 45. Qc1 Rc7 46. Qc4 Re7 47.
Qc1 1/2-1/2

[Event "TCh-CHN 2012"]
[Site "Beijing CHN"]
[Date "2012.04.28"]
[Round "1.5"]
[White "Zhou, Jianchao"]
[Black "Li, Shilong"]
[Result "1-0"]
[WhiteTitle "GM"]
[BlackTitle "GM"]
[WhiteElo "2625"]
[BlackElo "2549"]
[WhiteTeam "Shanghai Jianqiao Academy Team"]
[BlackTeam "Guangdong Huateng Club Team"]
[WhiteFideId "8603537"]
[BlackFideId "8600678"]
[EventDate "2012.04.28"]
[EventType "team"]

1. d4 Nf6 2. c4 e6 3. Nc3 Bb4 4. Qc2 O-O 5. a3 Bxc3+ 6. Qxc3 d6 7. f3 Nh5 8. Nh3
e5 9. Nf2 exd4 10. Qxd4 Nc6 11. Qc3 f5 12. e3 Qe7 13. Be2 a5 14. b3 b6 15. O-O
Bb7 16. Bd2 Rf6 17. b4 Rg6 18. e4 f4 19. c5 Ne5 20. cxd6 cxd6 21. bxa5 bxa5 22.
Qb3+ Kh8 23. Rab1 Bc8 24. Rfc1 h6 25. Qd5 Qa7 26. Rc7 Qxc7 27. Qxa8 d5 28. exd5
Nc4 29. Bxc4 1-0

[Event "TCh-CHN 2012"]
[Site "Beijing CHN"]
[Date "2012.04.30"]
[Round "3.1"]
[White "Zhou, Jianchao"]
[Black "Zhao, Jun"]
[Result "1-0"]
[WhiteTitle "GM"]
[BlackTitle "GM"]
[WhiteElo "2625"]
[BlackElo "2583"]
[WhiteTeam "Shanghai Jianqiao Academy Team"]
[BlackTeam "Shandong Gree Team"]
[WhiteFideId "8603537"]
[BlackFideId "8602522"]
[EventDate "2012.04.28"]
[EventType "team"]

1. d4 Nf6 2. c4 g6 3. Nc3 Bg7 4. e4 d6 5. Nf3 O-O 6. Be2 e5 7. Be3 Na6 8. O-O c6
9. Re1 Bg4 10. d5 c5 11. a3 Bd7 12. Bg5 h6 13. Bh4 g5 14. Bg3 Nh5 15. Nd2 Nf4
16. h3 Nxe2+ 17. Qxe2 Nc7 18. b4 b6 19. Rab1 Ne8 20. bxc5 bxc5 21. Rb7 Bc8 22.
Rb3 Bf6 23. Bh2 Qd7 24. Nf1 Bd8 25. Ne3 Ng7 26. g4 Ba5 27. Reb1 Bxc3 28. Rxc3 f6
29. Rcb3 Ba6 30. Bg3 Qc7 31. Qb2 Rad8 32. f3 Qd7 33. h4 Rc8 34. h5 Rfd8 35. Be1
Rf8 36. Qc3 Qc7 37. Qa5 Qxa5 38. Bxa5 Rfe8 39. Kf2 Kf7 40. Ke2 Re7 41. Kd3 Ree8
42. Nd1 Re7 43. Nc3 Ke8 44. R3b2 Rf7 45. Rb8 Kd7 46. Na4 Re7 47. R8b2 Ra8 48.
Bb6 Ree8 49. Ba5 Re7 50. Rb6 Bc8 51. Rb8 Rxb8 52. Rxb8 Re8 53. Ra8 Bb7 54. Rxa7
Kc8 55. Nc3 Re7 56. Nb5 Ne8 57. Bb6 Kb8 58. a4 Rd7 59. a5 Bc8 60. Rxd7 Bxd7 61.
Bd8 Kc8 62. Be7 1-0

[Event "TCh-CHN 2012"]
[Site "Beijing CHN"]
[Date "2012.04.30"]
[Round "3.2"]
[White "Zhang, Jilin"]
[Black "Ju, Wenjun"]
[Result "0-1"]
[WhiteTitle "WGM"]
[BlackTitle "WGM"]
[WhiteElo "2257"]
[BlackElo "2557"]
[WhiteTeam "Shandong Gree Team"]
[BlackTeam "Shanghai Jianqiao Academy Team"]
[WhiteFideId "8602867"]
[BlackFideId "8603006"]
[EventDate "2012.04.28"]
[EventType "team"]

1. e4 c5 2. Nf3 d6 3. Bb5+ Nd7 4. O-O a6 5. Bc4 Ngf6 6. Re1 b5 7. Bf1 Bb7 8. d3
g6 9. Nbd2 Bg7 10. c3 e5 11. a4 O-O 12. b3 d5 13. exd5 Nxd5 14. Bb2 Re8 15. axb5
axb5 16. Rxa8 Bxa8 17. Qa1 f5 18. d4 e4 19. Bxb5 Nc7 20. Bxd7 Qxd7 21. Ng5 h6
22. Nh3 cxd4 23. cxd4 Nd5 24. Nc4 g5 25. Qc1 f4 26. Ne5 Bxe5 27. dxe5 f3 28.
Rxe4 Nc3 29. Qxc3 Bxe4 30. gxf3 Rc8 31. Qe3 Bf5 32. e6 Qxe6 33. Qxe6+ Bxe6 34.
Kg2 Rb8 35. Bd4 Rxb3 36. Ng1 Bd5 37. Be3 Kh7 38. h3 Rb2 39. Kg3 Rb1 40. Kg2 Kg6
41. Ne2 Re1 42. Nc3 Bc6 43. Bd2 Ra1 44. Be3 h5 45. Ne4 Ra5 46. Kg3 Rf5 47. Nd2
Rf8 48. Ne4 h4+ 49. Kg2 Rf5 50. Nd2 Re5 51. Bd4 Re6 52. Be3 Kf5 53. Nb3 Kg6 54.
Nd4 Rd6 55. Nxc6 Rxc6 56. f4 gxf4 57. Bxf4 Kf5 58. Be3 Ke4 59. Bg5 Rg6 60. f4
Ke3 61. f5+ Rxg5+ 0-1

[Event "TCh-CHN 2012"]
[Site "Beijing CHN"]
[Date "2012.04.30"]
[Round "3.3"]
[White "Ni, Hua"]
[Black "Bu, Xiangzhi"]
[Result "1/2-1/2"]
[WhiteTitle "GM"]
[BlackTitle "GM"]
[WhiteElo "2637"]
[BlackElo "2668"]
[WhiteTeam "Shanghai Jianqiao Academy Team"]
[BlackTeam "Shandong Gree Team"]
[WhiteFideId "8601160"]
[BlackFideId "8601445"]
[EventDate "2012.04.28"]
[EventType "team"]

1. e4 e5 2. Nf3 Nf6 3. Nxe5 d6 4. Nf3 Nxe4 5. d4 d5 6. Bd3 Be7 7. O-O Nc6 8. c4
Nb4 9. Be2 O-O 10. a3 Nc6 11. cxd5 Qxd5 12. Nc3 Nxc3 13. bxc3 Bf5 14. Re1 Rfe8
15. Bf4 Rac8 16. Bd3 Qd7 17. Rb1 b6 18. Bb5 Bxb1 19. Qxb1 Bf6 20. Rd1 Qd5 21.
Bg3 Na5 22. Bxe8 Rxe8 23. Bxc7 Nc4 24. Re1 Rxe1+ 25. Qxe1 Qc6 26. d5 Qd7 27. Qe4
b5 28. d6 Nxd6 29. Bxd6 Qxd6 30. Qe8+ Qf8 31. Qxb5 Qxa3 32. Qb8+ Qf8 33. Qxa7
Bxc3 1/2-1/2

[Event "TCh-CHN 2012"]
[Site "Beijing CHN"]
[Date "2012.04.30"]
[Round "3.5"]
[White "Lou, Yiping"]
[Black "Wen, Yang"]
[Result "0-1"]
[WhiteTitle "IM"]
[BlackTitle "GM"]
[WhiteElo "2419"]
[BlackElo "2549"]
[WhiteTeam "Shanghai Jianqiao Academy Team"]
[BlackTeam "Shandong Gree Team"]
[WhiteFideId "8603928"]
[BlackFideId "8602956"]
[EventDate "2012.04.28"]
[EventType "team"]

1. d4 Nf6 2. c4 g6 3. Nc3 Bg7 4. e4 d6 5. f3 O-O 6. Be3 e5 7. d5 Nh5 8. Qd2 f5
9. O-O-O Nd7 10. exf5 gxf5 11. Nh3 Ndf6 12. Kb1 Qe7 13. Bd3 Bd7 14. Rhe1 Rae8
15. Bc2 a6 16. Ng5 Kh8 17. h3 Bh6 18. f4 Bxg5 19. fxg5 Ng8 20. h4 b6 21. Qe2 Qf7
22. Qf3 f4 23. Bf2 Bf5 24. Bxf5 Qxf5+ 25. Ne4 Qg6 26. b4 Ne7 27. c5 bxc5 28.
bxc5 Nf5 29. Ka1 Rb8 30. Qd3 a5 31. Rd2 Rb4 32. a3 Rbb8 33. Qc2 a4 34. Ka2 Rb3
35. Nc3 Rbb8 36. Nxa4 Qf7 37. Nc3 Nhg3 38. Ne4 Nxe4 39. Qxe4 Ne7 40. Rc1 Rb7 41.
Rb1 Rxb1 42. Kxb1 Ra8 43. cxd6 cxd6 44. Qb4 Nxd5 45. Qxd6 Nc3+ 46. Kc1 Qf5 47.
Qf6+ Qxf6 48. gxf6 Ne4 49. Re2 Nxf2 50. Rxf2 Kg8 51. g3 fxg3 52. Rf3 Kf7 53.
Rxg3 Kxf6 54. Kc2 e4 55. Kd2 Ke5 56. Rg7 h5 57. Re7+ Kf4 58. Rf7+ Kg3 59. Ke3
Ra4 60. Rf5 Kxh4 61. Kf4 Rxa3 62. Kxe4 Kg4 63. Rf1 h4 64. Rf8 Kg3 65. Rg8+ Kf2
66. Rh8 h3 67. Kf4 Rf3+ 0-1

[Event "TCh-CHN 2012"]
[Site "Beijing CHN"]
[Date "2012.04.30"]
[Round "3.1"]
[White "Liu, Chang"]
[Black "Wei, Yi"]
[Result "1/2-1/2"]
[BlackTitle "FM"]
[WhiteElo "2262"]
[BlackElo "2371"]
[WhiteTeam "Guangdong Huateng Club Team"]
[BlackTeam "Jiangsu Taizhou Team"]
[WhiteFideId "8606340"]
[BlackFideId "8603405"]
[EventDate "2012.04.28"]
[EventType "team"]

1. c4 e6 2. Nf3 Nf6 3. d4 d5 4. cxd5 exd5 5. Bg5 Bb4+ 6. Nc3 Qd6 7. Bxf6 Qxf6 8.
Qb3 Qb6 9. a3 Ba5 10. Qc2 Bf5 11. Qd2 Qb3 12. e3 Nd7 13. Be2 c6 14. Bd1 Bxc3 15.
bxc3 Qb6 16. O-O O-O 17. Bc2 Bxc2 18. Qxc2 Qa6 19. Rfc1 Nb6 20. Ne5 Qa5 21. Nd3
Nc4 22. Nb2 Nxb2 23. Qxb2 b5 24. a4 bxa4 25. Qa3 Rfb8 26. Qxa4 Qxa4 27. Rxa4 a5
28. g3 Kf8 29. Rca1 Rb5 30. c4 dxc4 31. Rxc4 Ra6 32. Kg2 Ke7 33. f4 Kd6 34. Kf3
f5 35. h3 Kd5 36. Rca4 c5 37. dxc5 Rxc5 38. g4 1/2-1/2

[Event "TCh-CHN 2012"]
[Site "Beijing CHN"]
[Date "2012.04.30"]
[Round "3.2"]
[White "Shen, Yang"]
[Black "Munguntuul, Batkhuyag"]
[Result "1-0"]
[WhiteTitle "WGM"]
[BlackTitle "IM"]
[WhiteElo "2440"]
[BlackElo "2451"]
[WhiteTeam "Jiangsu Taizhou Team"]
[BlackTeam "Guangdong Huateng Club Team"]
[WhiteFideId "8603162"]
[BlackFideId "4900758"]
[EventDate "2012.04.28"]
[EventType "team"]

1. d4 d5 2. c4 c6 3. Nf3 Nf6 4. Qc2 dxc4 5. Qxc4 Bf5 6. g3 e6 7. Bg2 Nbd7 8. O-O
Be7 9. Nc3 O-O 10. Re1 Bg6 11. a4 a5 12. e4 Qb6 13. Nh4 Qb4 14. b3 Rfd8 15. Nxg6
hxg6 16. e5 Ne8 17. Ba3 Qxc4 18. bxc4 Bb4 19. Bxb4 axb4 20. Ne2 Nb6 21. Reb1
Nxc4 22. Rxb4 Na5 23. h4 Nc7 24. Rc1 Ra7 25. Kh2 Rda8 26. g4 Nd5 27. Rbb1 Ra6
28. Nc3 Rb6 29. Nxd5 Rxb1 30. Ne7+ Kf8 31. Nxg6+ fxg6 32. Rxb1 Rb8 33. Rb4 Kf7
34. Kg3 Rd8 35. Kf4 b5 36. Kg5 bxa4 37. Rxa4 Nb3 38. Ra7+ Kf8 39. Kxg6 Rxd4 40.
Rf7+ Kg8 41. Rxg7+ Kf8 42. Rf7+ Kg8 43. g5 Nc5 44. Rc7 Nd7 45. Rc8+ Nf8+ 46. Kh5
Rd2 47. Bh3 Rxf2 48. Bxe6+ Kg7 49. Rc7+ Kh8 50. Bf7 Re2 51. Kh6 Re4 52. h5 1-0

[Event "TCh-CHN 2012"]
[Site "Beijing CHN"]
[Date "2012.04.30"]
[Round "3.3"]
[White "Li, Shilong"]
[Black "Zhou, Weiqi"]
[Result "0-1"]
[WhiteTitle "GM"]
[BlackTitle "GM"]
[WhiteElo "2549"]
[BlackElo "2628"]
[WhiteTeam "Guangdong Huateng Club Team"]
[BlackTeam "Jiangsu Taizhou Team"]
[WhiteFideId "8600678"]
[BlackFideId "8601674"]
[EventDate "2012.04.28"]
[EventType "team"]

1. d4 Nf6 2. c4 e6 3. Nc3 Bb4 4. e3 O-O 5. Bd3 c5 6. Ne2 Nc6 7. O-O d5 8. a3
cxd4 9. exd4 dxc4 10. Bxc4 Bxc3 11. bxc3 Ne7 12. Qd3 Bd7 13. Ng3 Qa5 14. Bb3 b5
15. Bd2 Rfc8 16. f3 Ned5 17. Ne4 Qc7 18. Rac1 h6 19. Kh1 Bc6 20. Rce1 Re8 21.
Bc2 Rad8 22. a4 a6 23. Nc5 Qc8 24. axb5 axb5 25. Qe2 Qb8 26. Nd3 Nd7 27. Qf2 Qd6
28. f4 f5 29. Ne5 Nxe5 30. fxe5 Qd7 31. Qg3 Kh8 32. Qh3 Ra8 33. Bxh6 gxh6 34.
Bxf5 Qg7 35. Bxe6 Ra2 36. Rf7 Qg5 37. Rg1 Nf4 38. d5 Nxh3 39. gxh3 Qxe5 0-1

[Event "TCh-CHN 2012"]
[Site "Beijing CHN"]
[Date "2012.04.30"]
[Round "3.4"]
[White "Guo, Qi"]
[Black "Li, Xueyi"]
[Result "1/2-1/2"]
[WhiteTitle "WGM"]
[WhiteElo "2351"]
[BlackElo "2076"]
[WhiteTeam "Jiangsu Taizhou Team"]
[BlackTeam "Guangdong Huateng Club Team"]
[WhiteFideId "8604002"]
[BlackFideId "8605912"]
[EventDate "2012.04.28"]
[EventType "team"]

1. d4 d5 2. c4 c6 3. Nf3 Nf6 4. Nc3 e6 5. Bg5 h6 6. Bxf6 Qxf6 7. e3 Nd7 8. Bd3
dxc4 9. Bxc4 g6 10. O-O Bg7 11. Rc1 O-O 12. Ne4 Qe7 13. Bb3 b6 14. Ba4 b5 15.
Bb3 Bb7 16. Nc5 Nxc5 17. Rxc5 Rfd8 18. Qe2 Bf8 19. Ne5 Qf6 20. Ng4 Qg7 21. Rcc1
a5 22. Qf3 Rab8 23. Qg3 a4 24. Bd1 Bd6 25. Qh4 h5 26. Nf6+ Kf8 27. Ne4 Be7 28.
Qg3 Rbc8 29. Nc5 Bd6 30. f4 Bxc5 31. Rxc5 Rd5 32. Rxd5 cxd5 33. Qe1 Kg8 34. Qa5
Bc6 35. Be2 Qf8 36. Bxb5 Bxb5 37. Qxb5 Rb8 38. Qxa4 Rxb2 39. Rc1 Qb8 40. h3 Re2
41. Qa3 Kg7 42. Kh2 Qd8 43. Rb1 Qc7 44. Qb3 Qa5 45. Rb2 Rxb2 46. Qxb2 Qe1 47.
Qb8 h4 48. f5 exf5 49. a4 g5 50. Qe5+ f6 51. Qe7+ Kg6 52. Qe8+ Kg7 53. Qe7+ Kg6
54. Qe8+ Kg7 55. Qe7+ 1/2-1/2

[Event "TCh-CHN 2012"]
[Site "Taizhou CHN"]
[Date "2012.06.27"]
[Round "5.3"]
[White "Ma, Qun"]
[Black "Wang, Li"]
[Result "1/2-1/2"]
[BlackTitle "IM"]
[WhiteElo "2481"]
[BlackElo "2400"]
[WhiteTeam "Tianjin Qin Huangdao Team"]
[BlackTeam "Wuxi Huafang Construction Team"]
[WhiteFideId "8603154"]
[BlackFideId "8604460"]
[EventDate "2012.04.28"]
[EventType "team"]

1. e4 e6 2. d4 d5 3. Nd2 dxe4 4. Nxe4 Bd7 5. Nf3 Bc6 6. Bd3 Nd7 7. O-O Ngf6 8.
Ned2 Be7 9. Nc4 Be4 10. Bxe4 Nxe4 11. Qe2 Nef6 12. Bf4 O-O 13. Rad1 c6 14. h3
Re8 15. Bg3 Nf8 16. Nce5 N6d7 17. Nd3 Ng6 18. c4 Nh4 19. Bxh4 Bxh4 20. Nde5 Bf6
21. Rd3 Qc7 22. Rfd1 Rad8 23. b3 a6 24. g3 g6 25. Kg2 Kg7 26. Ng4 Be7 27. Qe3 h5
28. Nge5 Nxe5 29. Qxe5+ Qxe5 30. dxe5 Rxd3 31. Rxd3 Kf8 32. Ne1 Rb8 33. Kf3 Ke8
34. Ke2 b5 35. Rd4 Bc5 36. Re4 Rd8 37. Nd3 Be7 38. h4 a5 39. f4 Rd7 40. Ke3 Rd8
41. Rd4 Ra8 42. Kd2 Ra7 43. Kc3 b4+ 44. Kb2 c5 45. Re4 a4 46. Re2 Kd7 47. Nf2 f5
48. bxa4 Rxa4 49. Re3 Kc6 50. Rd3 Ra8 51. Nd1 Rd8 52. Rxd8 Bxd8 53. Kb3 Kb6 54.
Ka4 Be7 55. Ne3 Bf8 56. Nc2 Be7 57. a3 bxa3 58. Nxa3 Bf8 59. Nb5 Be7 60. Nd6
Bxd6 61. exd6 Kc6 62. Ka5 Kxd6 63. Kb6 e5 64. fxe5+ Kxe5 65. Kxc5 f4 66. gxf4+ 1/2-1/2